Statistics for Thriller - Michael Jackson - All Lyrics

Click here to take the quiz!

General Stats

  • This quiz has been taken 129 times
  • The average score is 319 of 494

Answer Stats

Answer% Correct
I
99%
a
94%
the
91%
The
91%
thrill
91%
Thriller
90%
Thriller,
90%
(Thriller
90%
(Thriller)
90%
thriller
90%
thriller)
90%
thriller,
90%
night)
89%
night
89%
night,
89%
Night
89%
to
89%
in
88%
it
88%
You
86%
you
86%
it's
85%
It's
85%
And
84%
and
84%
midnight
84%
whosoever
84%
air
83%
close
83%
is
81%
So
81%
Ahahah
80%
be
80%
dark
80%
Oh,
80%
(Oh,
80%
oh,
80%
Ooh,
80%
(Ooh),
80%
ooh
80%
Ooh
80%
(Ooh)
80%
ooh,
80%
(Ow)
80%
share
80%
me
79%
no
77%
something
77%
hear
75%
your
75%
'cause
74%
‘Cause
74%
lurking
73%
on
73%
this
73%
This
73%
But
72%
but
72%
evil
72%
scream,
72%
for
69%
For
69%
of
69%
yeah
69%
shall
67%
You’re
65%
eyes
64%
eyes,
64%
gonna
63%
I’m
63%
I'm
63%
(I'm
63%
life
63%
life,
63%
try
63%
door
62%
that
62%
out
60%
fight
59%
get
59%
paralyzed,
59%
start
59%
There
59%
time
59%
before
58%
moonlight,
58%
terror
58%
y'all's
58%
evil's
57%
from
57%
know
57%
make
57%
Now
57%
see
57%
can
56%
right
56%
run
56%
there's
56%
There’s
56%
tonight,
56%
tonight)
56%
tonight
56%
all
54%
All
54%
at
54%
hand
54%
slam
54%
up
54%
fighting
53%
heart
53%
jaws
53%
inside
52%
Inside
52%
one's
52%
save
52%
sound
52%
as
51%
almost
49%
feel
49%
just
49%
killer,
49%
They
49%
creature
48%
ever
48%
(Girl)
48%
Girl,
48%
girl
48%
Under
48%
with
48%
behind
47%
takes
47%
creepin’
46%
if
46%
left
46%
nowhere
46%
stops
46%
beast
44%
between
44%
cold
44%
shiver
44%
about
43%
hour
43%
imagination
43%
looks
43%
realize
43%
freeze,
42%
hope
42%
strike
42%
while,
42%
will
42%
body
41%
mortal
41%
sight
41%
thing
41%
blood
40%
down
40%
found
40%
I’ll
40%
let
40%
resist
40%
sun
40%
you'll
40%
alive,
38%
end
38%
getting
38%
neighborhood
38%
than
38%
through
38%
crawl
37%
creatures
37%
Creatures
37%
every
37%
forty
37%
ghoul
37%
ghouls
37%
hold
37%
horror
37%
starts
37%
dead
36%
forty
36%
hell
36%
hounds
36%
stay
36%
(They're
36%
They're
36%
though
36%
walk
36%
wonder
36%
are
35%
terrorize
35%
tight
35%
together,
35%
ain't
33%
any
33%
corpse's
33%
more
33%
shell
33%
their
33%
thousand
33%
cuddle
32%
dial
32%
mere
32%
search
32%
years
32%
Darkness
31%
doom
31%
screen
31%
side
31%
soul
31%
without
31%
babe)
30%
babe
30%
baby)
30%
escaping
30%
falls
30%
here
30%
land
30%
seal
30%
closing
28%
funk
28%
masquerade
28%
number
28%
rot
28%
stench
28%
across
27%
chance
27%
demons
27%
open
27%
second
27%
stand
27%
would
27%
change
26%
face
26%
tomb
26%
unless
26%
alien
25%
call
25%
dare
25%
possess
25%
chiller,
23%
against
21%
foulest
21%
must
21%
wide)
21%
darling
16%
grisly
14%

Score Distribution

Percentile by Number Answered

Percent of People with Each Score

Your Score History

You have not taken this quiz